[Event "GRE-ch Schools Gymnasia-C 30th"]
[Site "Peristeri"]
[Date "2018.04.01"]
[Round "3"]
[White "Mantikos, Stavros"]
[Black "Poulakis Stefanidis, Gerasimos"]
[Result "1/2-1/2"]
[WhiteElo "1309"]
[BlackElo "1438"]
[PlyCount "83"]
[EventDate "2018.04.01"]
[EventType "swiss (rapid)"]
[EventRounds "9"]
[EventCountry "GRE"]
[SourceTitle "EXT 2019"]
[Source "ChessBase"]
[SourceDate "2018.10.10"]
[SourceVersion "1"]
[SourceVersionDate "2018.10.10"]
[SourceQuality "1"]

1. e4 e5 2. Nf3 Nc6 3. Bc4 Bc5 4. Nc3 Nf6 5. d3 d6 6. Bg5 Bg4 7. h3 Bh5 8. Nd5 Na5 9. Bb3 c6 10. Nxf6+ gxf6 11. Be3 Qb6 12. Bxc5 Qxc5 13. g4 Bg6 14. h4 h5 15. g5 f5 16. exf5 Bxf5 17. d4 Qb5 18. dxe5 Qb4+ 19. c3 Qg4 20. exd6 Nxb3 21. axb3 Be4 22. Qd4 0-0-0 23. Ne5 Qf5 24. d7+ Rxd7 25. Nxd7 Bxh1 26. Nb6+ axb6 27. Qxh8+ Kc7 28. Ra8 Qe4+ 29. Kd2 Qf4+ 30. Ke1 Qe4+ 31. Kd1 Qd3+ 32. Kc1 Qf1+ 33. Kd2 Qxf2+ 34. Kd1 Qf1+ 35. Kd2 Qf2+ 36. Kd3 Qf1+ 37. Ke3 Qe1+ 38. Kd3 Qe4+ 39. Kd2 Qf4+ 40. Ke1 Qe3+ 41. Kf1 Qf3+ 42. Ke1 1/2-1/2

[Event "GRE-ch Schools Gymnasia-C 30th"]
[Site "Peristeri"]
[Date "2018.04.01"]
[Round "1"]
[White "Mantikos, Stavros"]
[Black "Triantafilidis, Mihail"]
[Result "0-1"]
[WhiteElo "1309"]
[BlackElo "1883"]
[PlyCount "42"]
[EventDate "2018.04.01"]
[EventType "swiss (rapid)"]
[EventRounds "9"]
[EventCountry "GRE"]
[SourceTitle "EXT 2019"]
[Source "ChessBase"]
[SourceDate "2018.10.10"]
[SourceVersion "1"]
[SourceVersionDate "2018.10.10"]
[SourceQuality "1"]

1. e4 c5 2. Nc3 Nc6 3. Nf3 e6 4. Bc4 a6 5. d3 b5 6. Bb3 Bb7 7. 0-0 d6 8. a4 b4 9. Ne2 Nf6 10. Bg5 Be7 11. c3 0-0 12. cxb4 Nxb4 13. Ng3 Rc8 14. Re1 Qb6 15. Bc4 Rfd8 16. a5 Qc7 17. Qd2 d5 18. exd5 Bxd5 19. Qe3 Nc2 20. Qd2 Nxa1 21. Rxa1 Bxc4 0-1

[Event "GRE-ch Schools Gymnasia-C 30th"]
[Site "Peristeri"]
[Date "2018.04.01"]
[Round "6"]
[White "Vardakas, Grigorios"]
[Black "Mantikos, Stavros"]
[Result "1-0"]
[WhiteElo "2075"]
[BlackElo "1309"]
[PlyCount "71"]
[EventDate "2018.04.01"]
[EventType "swiss (rapid)"]
[EventRounds "9"]
[EventCountry "GRE"]
[SourceTitle "EXT 2019"]
[Source "ChessBase"]
[SourceDate "2018.10.10"]
[SourceVersion "1"]
[SourceVersionDate "2018.10.10"]
[SourceQuality "1"]

1. e4 e5 2. Nf3 Nc6 3. Bb5 Bc5 4. 0-0 d6 5. c3 Nf6 6. Re1 0-0 7. h3 Bd7 8. d4 exd4 9. cxd4 Bb6 10. Nc3 a6 11. Ba4 Ne7 12. Bc2 Ng6 13. Bg5 h6 14. Bxf6 Qxf6 15. Nd5 Qd8 16. Nxb6 cxb6 17. e5 dxe5 18. Bxg6 fxg6 19. dxe5 Bc6 20. Qxd8 Raxd8 21. e6 Bxf3 22. e7 Bc6 23. exd8Q Rxd8 24. Rad1 Rf8 25. Rd2 b5 26. Red1 Kf7 27. Rd8 Rxd8 28. Rxd8 g5 29. f3 b4 30. Kf2 a5 31. Ke3 b6 32. Rb8 b5 33. Kd4 Ke6 34. Rb6 Kd7 35. Kc5 Kc7 36. Rxc6+ 1-0

[Event "Sparta ESPPEP-ch op 13th"]
[Site "Sparta"]
[Date "2017.03.31"]
[Round "1.6"]
[White "Stavropoulos, Petros"]
[Black "Mantikos, Stavros"]
[Result "1-0"]
[WhiteElo "1683"]
[BlackElo "1379"]
[PlyCount "113"]
[EventDate "2017.03.31"]
[EventType "swiss"]
[EventRounds "5"]
[EventCountry "GRE"]
[SourceTitle "EXT 2024"]
[Source "ChessBase"]
[SourceDate "2023.10.10"]
[SourceVersion "1"]
[SourceVersionDate "2023.10.10"]
[SourceQuality "1"]

1. d4 d5 2. c4 c6 3. Nf3 Bf5 4. Nc3 Nf6 5. cxd5 cxd5 6. Bf4 e6 7. Qa4+ Nbd7 8. e3 a6 9. Be2 Be7 10. Qb3 b5 11. 0-0 0-0 12. a4 b4 13. Na2 a5 14. Rac1 Rc8 15. Ba6 Rxc1 16. Rxc1 Qa8 17. Bb5 Nb6 18. Ne5 Rc8 19. Qd1 Bd6 20. Nc6 Bf8 21. b3 Ne4 22. f3 Nd6 23. Bxd6 Bxd6 24. Qe2 Bg6 25. e4 dxe4 26. fxe4 Bf4 27. Ne7+ Kf8 28. Nxc8 Nxc8 29. Rc5 Nd6 30. Bc6 Qd8 31. g3 Nxe4 32. Rc4 Nd2 33. gxf4 Nxc4 34. Qxc4 Qh4 35. Qf1 Qg4+ 36. Kh1 Ke7 37. Nc1 Bc2 38. Nd3 Bxb3 39. Ne5 Qf5 40. Qc1 Bc2 41. Nc4 Be4+ 42. Bxe4 Qxe4+ 43. Kg1 Qxd4+ 44. Ne3 b3 45. Qa3+ Qd6 46. Qxb3 Qxf4 47. Qb7+ Kf6 48. Qb6 Qxa4 49. Nd5+ Ke5 50. Ne3 Qd4 51. Qb3 f5 52. Kf1 a4 53. Nc4+ Kf6 54. Qxa4 f4 55. Qc2 f3 56. Nd2 Qg4 57. Qc3+ 1-0